Disce mori = Learne to die. : A religious discourse, mouing euery Christian man to enter into a serious remembrance of his end. : Wherein also is contained the mean and manner of disposing himselfe to God, before and at the time of his departure. In the whole, somewhat happily may be obserued, necessary to be thought vpon while we are aliue, and when we are dying, to aduise ourselues and others ...

Bibliographic Details
Main Author: Sutton, Christopher, 1565?-1629
Format: eBook
Language:English
Published: London : Printed by I. Windet, for Cuthbert Burby, and are to be sold at his shop in paules [sic.] Churchyeard:, 1607:.
Edition:Newly enlarged by the same author..
Series:Early English books online.
Subjects:
Online Access:Connect to the full text of this electronic book

MARC

Tag First Indicator Second Indicator Subfields
LEADER 00000nam a2200000Ia 4500
001 in00004182621
005 20200807084510.0
006 m g d
007 cr bn |||a|bb|
008 060912s1607 enka ob 001 0 eng d
035 |a (OCoLC)71305191 
040 |a UMI  |e dcrb  |c UMI 
037 |a CL0036000075  |b ProQuest Information and Learning, 789 E. Eisenhower Parkway, Ann Arbor, MI 48108-3218 
090 |a BT825  |b .S87 
049 |a UMIA 
100 1 |a Sutton, Christopher,  |d 1565?-1629. 
245 1 0 |a Disce mori =  |b Learne to die. : A religious discourse, mouing euery Christian man to enter into a serious remembrance of his end. : Wherein also is contained the mean and manner of disposing himselfe to God, before and at the time of his departure. In the whole, somewhat happily may be obserued, necessary to be thought vpon while we are aliue, and when we are dying, to aduise ourselues and others ... 
246 3 |a Learne to die 
250 |a Newly enlarged by the same author.. 
260 |a London :  |b Printed by I. Windet, for Cuthbert Burby, and are to be sold at his shop in paules [sic.] Churchyeard:,  |c 1607:. 
300 |a 1 online resource ([46], 483 [id est 484], [20] pages :  |b illustrations. 
336 |a text  |b txt  |2 rdacontent 
337 |a computer  |b c  |2 rdamedia 
338 |a online resource  |b cr  |2 rdacarrier 
500 |a Title page has border of printers' ornaments, 'Disce mori' within ornamental border; initials, head- and tail-pieces. 
500 |a Dedication signed: Christ. Sutton. 
500 |a Signatures: A-Z¹². 
500 |a Includes index. 
504 |a Includes bibliographical references in marginal notes. 
500 |a Numerous errors in paging. 
500 |a Imperfect: faded, worn, and tightly bound. 
500 |a Reproduction of original in: Bodleian Library. 
510 4 |a STC (2nd edition)  |c 23477. 
533 |a Electronic reproduction.  |b Ann Arbor, Mich. :  |c UMI,  |d 1999-  |f (Early English books online)  |n Digital version of: (Early English books, 1475-1640 ; 2210:4)  |7 s1999 miun s 
650 0 |a Death  |v Early works to 1800. 
650 0 |a Christian life  |v Early works to 1800. 
830 0 |a Early English books online. 
856 4 0 |u http://proxy.library.tamu.edu/login?url=https://search.proquest.com/docview/2240925624  |z Connect to the full text of this electronic book  |t 0 
994 |a 02  |b UMI 
999 f f |s 910d870d-9ab2-31b8-af8c-bf59c4633bfc  |i ea55d53f-2b74-3dbe-9989-c3c2a7d9907c  |t 0 
952 f f |a Texas A&M University  |b College Station  |c Electronic Resources  |d Available Online  |t 0  |e BT825 .S87  |h Library of Congress classification 
998 f f |a BT825 .S87  |t 0  |l Available Online